Revista de planeacion y desarrollo.

Bibliographic Details
New Title:Planeación & desarrollo
Corporate Author: Colombia. Departamento Nacional de Planeación
Format: Journal
Language:Multiple languages
English
Spanish
Language Notes:English or Spanish.
Published: Bogota : Departamento Nacional de Planeacion.
Subjects:
Online Availability: Check for online availability

MARC

Tag First Indicator Second Indicator Subfields
LEADER 00000cas a2200000 a 4500
001 in00000674713
005 20151015081922.0
008 751101d19691990ck fr p 0uuub0mul
010 |a  75442170  
022 |a 0034-8686 
035 |a (OCoLC)01763934 
035 |9 ACX8466AM 
040 |a DLC  |c MUL  |d COO  |d TXA  |d UtOrBLW 
041 0 |a eng  |a spa 
042 |a lc 
049 |a TXAE 
050 0 0 |a HC10  |b .R354 
210 0 |a Rev. planeac. desarro. 
222 0 |a Revista de planeacion y desarrollo 
245 0 0 |a Revista de planeacion y desarrollo. 
264 1 |a Bogota :  |b Departamento Nacional de Planeacion. 
300 |a 22 volumes :  |b illustrations ;  |c 24 cm. 
310 |a Semiannual 
321 |a Three times a year  
336 |a text  |b txt  |2 rdacontent 
337 |a unmediated  |b n  |2 rdamedia 
338 |a volume  |b nc  |2 rdacarrier 
362 0 |a Vol. 1 (enero 1969)-v. 22, nos. 3 y 4 (jul.-dic. 1990). 
500 |a Description based on: Volume 11, number 1 (enero-abr. 1979). 
510 0 |a America, history and life  |x 0002-7065  |b 1969-1972 
510 0 |a Historical abstracts. Part A. Modern history abstracts  |x 0363- 2717  |b 1969-1972 
510 0 |a Historical abstracts. Part B. Twentieth century abstracts  |x 0363-2725  |b 1969-1972 
510 0 |a International labour documentation  |x 0020-7756 
510 0 |a Bibliography of agriculture  |x 0006-1530 
510 0 |a Foreign language index  |x 0048-5810 
546 |a English or Spanish. 
651 0 |a Colombia  |x Economic development  |x Periodicals. 
651 0 |a Colombia  |x Economic policy  |x Periodicals. 
710 1 |a Colombia.  |b Departamento Nacional de Planeación. 
785 0 0 |t Planeación & desarrollo  |w (OCoLC)26440818 
999 |a MARS 
999 f f |s 7f47af34-7635-3af5-b77c-7bac669875c4  |i 10b3f041-6530-3287-a5ca-3c5f2a1e66de  |t 0 
952 f f |p ric  |a Texas A&M University  |b Rellis Campus  |c Joint Library Facility  |d Remote Storage  |t 0  |e HC10 .R354  |h Library of Congress classification  |i unmediated -- volume  |k v.11  |l 1979  |m A14851765736 
952 f f |p ric  |a Texas A&M University  |b Rellis Campus  |c Joint Library Facility  |d Remote Storage  |t 0  |e HC10 .R354  |h Library of Congress classification  |i unmediated -- volume  |k v.17  |l 1985  |m A14851765611 
952 f f |p ric  |a Texas A&M University  |b Rellis Campus  |c Joint Library Facility  |d Remote Storage  |t 0  |e HC10 .R354  |h Library of Congress classification  |i unmediated -- volume  |k v.21  |l 1989  |m A14812889815 
952 f f |p ric  |a Texas A&M University  |b Rellis Campus  |c Joint Library Facility  |d Remote Storage  |t 0  |e HC10 .R354  |h Library of Congress classification  |i unmediated -- volume  |k v.15  |l 1983  |m A14851765876 
952 f f |p ric  |a Texas A&M University  |b Rellis Campus  |c Joint Library Facility  |d Remote Storage  |t 0  |e HC10 .R354  |h Library of Congress classification  |i unmediated -- volume  |k v.13:no.3  |l 1981:jul./dic.  |m A14851765470 
952 f f |p ric  |a Texas A&M University  |b Rellis Campus  |c Joint Library Facility  |d Remote Storage  |t 0  |e HC10 .R354  |h Library of Congress classification  |i unmediated -- volume  |k v.19  |l 1987  |m A14811629987 
952 f f |p ric  |a Texas A&M University  |b Rellis Campus  |c Joint Library Facility  |d Remote Storage  |t 0  |e HC10 .R354  |h Library of Congress classification  |i unmediated -- volume  |k v.16  |l 1984  |m A14851765744 
952 f f |p ric  |a Texas A&M University  |b Rellis Campus  |c Joint Library Facility  |d Remote Storage  |t 0  |e HC10 .R354  |h Library of Congress classification  |i unmediated -- volume  |k v.20  |l 1988  |m A14811940359 
952 f f |p ric  |a Texas A&M University  |b Rellis Campus  |c Joint Library Facility  |d Remote Storage  |t 0  |e HC10 .R354  |h Library of Congress classification  |i unmediated -- volume  |k v.14  |l 1982  |m A14851766007 
952 f f |p ric  |a Texas A&M University  |b Rellis Campus  |c Joint Library Facility  |d Remote Storage  |t 0  |e HC10 .R354  |h Library of Congress classification  |i unmediated -- volume  |k v.22  |l 1990  |m A14816070971 
952 f f |p ric  |a Texas A&M University  |b Rellis Campus  |c Joint Library Facility  |d Remote Storage  |t 0  |e HC10 .R354  |h Library of Congress classification  |i unmediated -- volume  |k v.18  |l 1986  |m A14811352344 
952 f f |p ric  |a Texas A&M University  |b Rellis Campus  |c Joint Library Facility  |d Remote Storage  |t 0  |e HC10 .R354  |h Library of Congress classification  |i unmediated -- volume  |k v.12 + 1969/1979:index  |l 1980  |m A14851765603 
998 f f |a HC10 .R354  |s v.14-22 (1982-1990)  |t 0  |l Remote Storage